Both SNL and Oscar Hosts Quiz Stats

Quiz Updated Nov 2, 2017

Challenge
Share
Tweet
Score 0/20 Timer 06:00
0 Plays Today
% Correct
Ellen DeGeneres
95.9%
Chris Rock
95.4%
Robin Williams
94.7%
Billy Crystal
94.6%
Alec Baldwin
94.3%
Steve Martin
93.1%
Chevy Chase
89.6%
Neil Patrick Harris
88.4%
Anne Hathaway
86.8%
Hugh Jackman
86.6%
% Correct
James Franco
83.7%
Jon Stewart
82.5%
Richard Pryor
78.9%
Burt Reynolds
77.6%
Seth MacFarlane
73.1%
Jerry Lewis
62.2%
Dudley Moore
54.4%
Walter Matthau
51.9%
Charlton Heston
46.6%
Ellen Burstyn
26.7%

You're not logged in!

Compare scores with friends on all Sporcle quizzes.
Sign Up with Email
OR
Log In

You Might Also Like...

Show Comments

Extras

Top Quizzes Today


Score Distribution

Your Account Isn't Verified!

In order to create a playlist on Sporcle, you need to verify the email address you used during registration. Go to your Sporcle Settings to finish the process.

Report this User

Report this user for behavior that violates our Community Guidelines.

Details: